Catálogo

América Latina : (Registro nro. 42005)

Detalles MARC
000 -LEADER
fixed length control field 01823cam a2200445 i 4500
001 - CONTROL NUMBER
control field 42005
003 - CONTROL NUMBER IDENTIFIER
control field Mx-PuUPA
005 - DATE AND TIME OF LATEST TRANSACTION
control field 20250610092706.0
008 - FIXED-LENGTH DATA ELEMENTS--GENERAL INFORMATION
fixed length control field 140415s1978 mx gr 001 0 spa d
020 ## - INTERNATIONAL STANDARD BOOK NUMBER
International Standard Book Number 9684340036
040 ## - CATALOGING SOURCE
Transcribing agency Mx-PuUPA
Original cataloging agency Mx-PuUPA
Language of cataloging spa
Modifying agency Mx-PuUPA
Description conventions rda
041 1# - LANGUAGE CODE
Language code of text/sound track or separate title spa
Language code of original fre
043 ## - GEOGRAPHIC AREA CODE
Geographic area code cl-----
240 12 - UNIFORM TITLE
Uniform title L'Amerique Latine apres cinquante ans d'industrialization.
Language of a work Español
245 10 - TITLE STATEMENT
Title América Latina :
Remainder of title cincuenta años de industrialización /
Statement of responsibility, etc. Pedro Calili Padis, Fernando Henrique Cardoso, José Paulo Carneiro Vieira, Michael Lowi, Eder Sader, Luiz C. Bresser Pereira, Pierre Salama, Paul Singer ; traducción de Ricardo Pérez Pérez
250 ## - EDITION STATEMENT
Edition statement Primera edición /
Remainder of edition statement en castellano
264 #1 - PRODUCTION, PUBLICATION, DISTRIBUTION, MANUFACTURE, AND COPYRIGHT NOTICE
Place of production, publication, distribution, manufacture México, D.F. :
Name of producer, publisher, distributor, manufacturer Premia Editora,
Date of production, publication, distribution, manufacture, or copyright notice 1978
300 ## - PHYSICAL DESCRIPTION
Extent 205 páginas :
Dimensions 21 cm
336 ## - CONTENT TYPE
Fuente rdacontent
Content type term texto
Content type code txt
337 ## - MEDIA TYPE
Source rdamedia
Media type term sin medio
Media type code n
338 ## - CARRIER TYPE
Source rdacarrier
Carrier type term volumen
Carrier type code nc
650 #7 - SUBJECT ADDED ENTRY--TOPICAL TERM
Source of heading or term armarc
Topical term or geographic name entry element Historia económica
651 #4 - SUBJECT ADDED ENTRY--GEOGRAPHIC NAME
Geographic name América Latina
General subdivision Condiciones económicas
651 #4 - SUBJECT ADDED ENTRY--GEOGRAPHIC NAME
Geographic name América Latina
General subdivision Industrialización
Chronological subdivision Siglo XX
651 #4 - SUBJECT ADDED ENTRY--GEOGRAPHIC NAME
Geographic name América Latina
General subdivision Condiciones sociales
700 1# - ADDED ENTRY--PERSONAL NAME
Personal name Calili Padis, Pedro,
Relator term autor
700 1# - ADDED ENTRY--PERSONAL NAME
Personal name Cardoso, Fernando Henrique,
Relator term autor
700 1# - ADDED ENTRY--PERSONAL NAME
Personal name Carneiro Vieira, José Paulo,
Relator term autor
700 1# - ADDED ENTRY--PERSONAL NAME
Personal name Lowi, Michael,
Relator term autor
700 1# - ADDED ENTRY--PERSONAL NAME
Personal name Sader, Eder,
Relator term autor
700 1# - ADDED ENTRY--PERSONAL NAME
Personal name Bresser Pereira, Luiz C.,
Relator term autor
700 1# - ADDED ENTRY--PERSONAL NAME
Personal name Salama, Pierre,
Relator term autor
9 (RLIN) 2943
700 1# - ADDED ENTRY--PERSONAL NAME
Personal name Singer, Paul,
Relator term autor
700 1# - ADDED ENTRY--PERSONAL NAME
Personal name Pérez Pérez, Ricardo,
Relator term traductor
765 ## - ORIGINAL LANGUAGE ENTRY
Title L'Amerique Latine apres cinquante ans d'industrialization
Place, publisher, and date of publication Press Universitaire de France
942 ## - ADDED ENTRY ELEMENTS (KOHA)
Source of classification or shelving scheme Dewey Decimal Classification
Koha item type Libro
Classification part 338.098
Item part A4518
Existencias
Withdrawn status Lost status Source of classification or shelving scheme Damaged status Not for loan Collection code Home library Current library Shelving location Date acquired Source of acquisition Cost, normal purchase price Total Checkouts Full call number Barcode Date last seen Cost, replacement price Price effective from Koha item type
    Dewey Decimal Classification     General Biblioteca Karol Wojtyla Biblioteca Karol Wojtyla Sala general 01/01/2022 Donación 0.00   338.098 A4518 1978 63313 05/01/2026 0.00 03/12/2013 Libro